| 000 | 01075cam a2200301 i 4500 | ||
|---|---|---|---|
| 999 |
_c200442395 _d60607 |
||
| 001 | 200442395 | ||
| 003 | TR-AnTOB | ||
| 005 | 20220401144658.0 | ||
| 007 | ta | ||
| 008 | 980521m19869999tu b f000 0 tur d | ||
| 040 |
_aDLC _beng _erda _cDLC _dDLC _dTR-AnTOB |
||
| 041 | 0 | _atur | |
| 050 | 0 | 0 |
_aHD8380.5 _b.Y87 1986 |
| 090 |
_aHD8380.5 _b.Y87 1986 |
||
| 245 | 0 | 0 | _aYurt dışındaki vatandaşlarımızın tasarruf eğilimleri araştırması. |
| 264 | 1 |
_a[Türkiye] : _bTürkiye Cumhuriyet Merkez Bankası, _c1986. |
|
| 300 |
_a2 volumes : _bmap, tables ; _c30 cm |
||
| 336 |
_2rdacontent _atext _btxt |
||
| 337 |
_2rdamedia _aunmediated _bn |
||
| 338 |
_2rdacarrier _avolume _bnc |
||
| 505 | 2 | _aI Yurt dışında çalışanlar -- II Yurda kesin dönenler | |
| 650 | 0 |
_aForeign workers, Turkish _zEuropean Economic Community countries _xEconomic conditions. |
|
| 650 | 7 |
_aYabancı işçiler, Türk _2etuturkob _9134849 |
|
| 710 | 2 |
_aTürkiye Cumhuriyet Merkez Bankası _934579 |
|
| 942 |
_2z _cBK |
||